00888nam a22002537i 4500003000900000008004100009020002200050040007100072082002400143100002600167245004400193260003900237300003100276500003400307505013600341650001600477650001700493650002500510650001400535650001500549650002000564650002000584650003000604AR-CdUCM240916b20182018spa||||| |||| 00| 0 spa d a978-84-17057-36-7 aMUNICIPALIDAD PROVINCIAL DEL CUSCOcBIBLIOTECA MUNICIPAL DEL CUSCO a615.85 / A66 bA66  aAra Roldán, Alfredo a100 Plantas medicinales para tu salud / aEspaña : bArcopress, S.L.c2018 a398 páginas. :c22.5 cm. zBibliografía: página 398. aFitoterapia -- Formas de aplicación y toma para administrar las plantas -- Normas de toma y dosificación -- Principios activos  aLas plantas aDecocción  aMaceración en frio aCompresas aCataplasma aPlanta en polvo aExtracto fluido aExtracto hidroglicerinado